000
00318nam a22001457a 4500
008
210527b ||||| |||| 00| 0 eng d
020
_a
9781594201851
041
_a
eng
080
_a
94
082
_a
94
100
_a
16
101
_a
SHH
245
_a
When China Rules the World
_c
Martin Jacques
942
_2
udc
_c
BK
999
_c
57751
_d
57751